| 000 | 01157nam a2200241Ia 4500 | ||
|---|---|---|---|
| 999 |
_c47246 _d47246 |
||
| 001 | 14106 | ||
| 003 | GE_BSU | ||
| 005 | 20241108155840.0 | ||
| 008 | 181216s2014||||ru |||||||||||||| ||rus|| | ||
| 020 | _a9785917280684 | ||
| 040 | _cGE_BSU | ||
| 041 | _arus | ||
| 080 | _a327(438) Г-64 | ||
| 100 |
_aГомулка, Кристина _923656 |
||
| 245 |
_aПолитика Польши по отношению к странам Южного Кавказа на рубеже XX и XI веков / _cКристина Гомулка, Изабелла Боручиньска-Дерешкевич ; Пер. с польского языка Ирина Политаньска. |
||
| 264 |
_aКалининград : _b[?], _c2014. |
||
| 300 | _a278 стр. ; | ||
| 500 | _aБиблиогр. с. 258-278 | ||
| 653 | _aПолитика Польши по отношению к странам Южного Кавказа на рубеже XX и XI веков | ||
| 700 |
_aБоручиньска-Дерешкевич,Изабелла _923657 |
||
| 700 |
_aПолитаньска, Ирина _cПер. с польского языка _923658 |
||
| 942 |
_cBK _2udc |
||